Europeizácia zahraničnej politiky Španielska
Transformovala sa zahraničná politika Španielska pod vplyvom členstva v EÚ, alebo v jeho zahraničnej politike žiadne zmeny nenastali ? Je legitímne skúmať vplyv europeizácie v zahraničnej politike, alebo je to fenomén objavujúci sa len v komunitárnych politikách ? Niektoré prvky, javy, ktoré sa vysk...
Gespeichert in:
| 1. Verfasser: | |
|---|---|
| Format: | Buchkapitel |
| Sprache: | Slowakisch |
| Schlagworte: | |
| Tags: |
Keine Tags, Fügen Sie das erste Tag hinzu!
|
MARC
| LEADER | 00000naa$a2200000$$$4500 | ||
|---|---|---|---|
| 001 | 0053450 | ||
| 005 | 20240502071622.5 | ||
| 041 | 0 | |a slo | |
| 044 | |a SK | ||
| 245 | 1 | 0 | |a Europeizácia zahraničnej politiky Španielska |c Jana Hošková |
| 520 | |a Transformovala sa zahraničná politika Španielska pod vplyvom členstva v EÚ, alebo v jeho zahraničnej politike žiadne zmeny nenastali ? Je legitímne skúmať vplyv europeizácie v zahraničnej politike, alebo je to fenomén objavujúci sa len v komunitárnych politikách ? Niektoré prvky, javy, ktoré sa vyskytli vo vývoji zahraničnej politiky Španielska od pristúpenia do EÚ v roku 1986 až po súčasnosť. Autorka si všíma dva paralelné fenomény "importu" a "exportu" zahranično-politických záujmov do a zo zahraničnej politiky Španielska. | ||
| 610 | 2 | 0 | |a Španielsko |
| 610 | 2 | 0 | |a politika zahraničná |
| 610 | 2 | 0 | |a vývoj |
| 610 | 2 | 0 | |a Európska únia |
| 100 | 1 | |a Hošková, Jana | |